Caricamento...

Hurricane Joe /

Frank and Joe Hardy investigate a string of false hurricane warnings--and subsequent burglaries--that are terrorizing the citizens of Bayport.

Dettagli Bibliografici
Autore principale: Dixon, Franklin W.
Ente Autore: Copyright Paperback Collection (Library of Congress)
Natura: Printed Book
Lingua:English
Pubblicazione: New York : Aladdin Paperbacks, 2006.
Edizione:1st Aladdin Paperbacks ed.
Serie:Dixon, Franklin W.
Soggetti:
Accesso online:http://www.loc.gov/catdir/enhancements/fy0662/2006925023-d.html
LEADER 01596cam a2200373 a 4500
008 060331s2006 nyua c 000 1 eng d
010 |a  2006925023 
020 |a 141691174X(pbk.) 
020 |a 9781416911746(pbk.) 
035 |a (OCoLC)ocm70782583 
042 |a lccopycat  |a lcac 
082 0 0 |a 813.54 DIX/H  |2 23 
100 1 |a Dixon, Franklin W. 
245 1 0 |a Hurricane Joe /  |c Franklin W. Dixon. 
250 |a 1st Aladdin Paperbacks ed. 
260 |a New York :  |b Aladdin Paperbacks,  |c 2006. 
300 |a 169 p. :  |b ill. ;  |c 20 cm. 
520 |a Frank and Joe Hardy investigate a string of false hurricane warnings--and subsequent burglaries--that are terrorizing the citizens of Bayport. 
521 1 |a 008-012. 
650 0 |a Hardy Boys (Fictitious characters)  |v Fiction. 
650 0 |a Hardy Boys (Fictitious characters)  |v Juvenile fiction. 
650 0 |a Hurricanes  |v Juvenile fiction. 
650 1 |a Burglary  |v Fiction. 
650 1 |a Hurricanes  |v Fiction. 
650 1 |a Mystery and detective stories. 
655 7 |a Mystery fiction.  |2 gsafd 
710 2 |a Copyright Paperback Collection (Library of Congress)  |5 DLC 
800 1 |a Dixon, Franklin W. 
856 4 2 |u http://www.loc.gov/catdir/enhancements/fy0662/2006925023-d.html 
906 |a 7  |b cbc  |c copycat  |d 2  |e ncip  |f 20  |g y-gencatlg 
942 |c BK 
955 |a pc21 2006-03-31  |a lc15 2007-08-30 z-processor 98  |a he05 2009-02-18  |h he05 2009-02-18  |a xc00 2009-03-02 to USPL/CL 
999 |c 200951  |d 200951 
952 |0 0  |1 0  |4 0  |6 813_540000000000000_DIX_H  |7 0  |9 222412  |a ENG  |b ENG  |c ST1  |d 2017-06-24  |i 17076  |l 0  |o 813.54 DIX/H  |p ENG17076  |r 2017-06-24  |w 2017-06-24  |y BK